Memoria del curso de 1892 leída el 30 de diciembre de 1892 por el secretario Juan Enrique Merino / (Record no. 151606)
[ view plain ]
| 000 -LEADER | |
|---|---|
| campo de control de longitud fija | 01281nam a2200217 i 4500 |
| 001 - NÚMERO DE CONTROL | |
| campo de control | 151606 |
| 003 - IDENTIFICADOR DE NÚMERO DE CONTROL | |
| campo de control | ES-MaACL |
| 005 - FECHA Y HORA DE LA ÚLTIMA TRANSACCIÓN | |
| campo de control | 20250520202011.0 |
| 008 - DATOS DE LONGITUD FIJA--INFORMACIÓN GENERAL | |
| campo de control de longitud fija | 040909s1893 sp |||| | spa d |
| 040 ## - FUENTE DE CATALOGACIÓN | |
| Centro catalogador/agencia de origen | CAM |
| Lengua de catalogación | spa |
| Centro/agencia transcriptor | CAM |
| 110 2# - ENTRADA PRINCIPAL--NOMBRE DE ENTIDAD CORPORATIVA | |
| Nombre de entidad corporativa o nombre de jurisdicción como elemento de entrada | Ateneo de Vitoria. |
| 9 (RLIN) | 1848 |
| 245 10 - MENCIÓN DEL TÍTULO | |
| Título | Memoria del curso de 1892 leída el 30 de diciembre de 1892 por el secretario Juan Enrique Merino / |
| Mención de responsabilidad, etc. | Ateneo Científico, Literario y Artístico de Vitoria. |
| 260 ## - PUBLICACIÓN, DISTRIBUCIÓN, ETC. | |
| Lugar de publicación, distribución, etc. | Vitoria : |
| Nombre del editor, distribuidor, etc. | [s.n.], |
| Fecha de publicación, distribución, etc. | 1893 ( |
| Fabricante | Establecimiento tipográfico de Domingo Sar) |
| 300 ## - DESCRIPCIÓN FÍSICA | |
| Extensión | 45, 18 p. ; |
| Dimensiones | 28 cm. |
| 505 8# - NOTA DE CONTENIDO CON FORMATO | |
| Nota de contenido con formato | Contiene con portada propia: La vivienda del pobre, su influencia en la salubridad pública y necesidad urgente de mejorar sus condiciones higiénicas : discurso leído en la sesión celebrada en el salón de actos públicos por [sic] el Ateneo Científico, Literario y Artístico de vitoria en la noche del 30 de diciembre de 1892 |
| 610 2# - PUNTO DE ACCESO ADICIONAL DE MATERIA--NOMBRE DE ENTIDAD CORPORATIVA | |
| Nombre de entidad corporativa o nombre de jurisdicción como elemento de entrada | Ateneo de Vitoria- |
| Subdivisión de forma | Memorias. |
| 9 (RLIN) | 151231 |
| 700 11 - ENTRADA AGREGADA--NOMBRE PERSONAL | |
| Nombre de persona | Merino, Juan Enrique. |
| 9 (RLIN) | 80524 |
| 700 1# - ENTRADA AGREGADA--NOMBRE PERSONAL | |
| Nombre de persona | Apraiz y Sáenz del Burgo, Ramón de, |
| Fechas asociadas al nombre | 1845-1926 |
| 9 (RLIN) | 22128 |
| 852 ## - LOCALIZACIÓN | |
| Ubicación | ES-MaACL |
| Número de control de estantería | T-662-F-10 |
| Nota libre | -- Enc. hol., conservando la enc. editorial |
| -- | -- Enc. en un vol. facticio |
| -- | -- Enc. con el discurso del presidente del Ateneo de Vitoria |
| Estatus retirado | Estado de pérdida | Estado de daño | No para préstamo | Colección | Biblioteca de origen | Biblioteca actual | Ubicación en estantería | Fecha de adquisición | Total de préstamos | Signatura topográfica completa | Código de barras | Visto por última vez | Precio de reemplazo | Tipo de ítem Koha |
|---|---|---|---|---|---|---|---|---|---|---|---|---|---|---|
| Colección de folletos | Biblioteca del Ateneo de Madrid | Biblioteca del Ateneo de Madrid | Depósito folletos | 17/01/2008 | T-662-F-10 | 1158215 | 23/02/2023 | 23/02/2023 | Folleto |
